000
00306nam a22001217a 4500
008
181006b xxu||||| |||| 00| 0 eng d
041
_a
eng
080
_a
159.9
100
_a
49
101
_a
PSI
245
_a
Attentional Deficit Disorder with Hyperactivity: A Misconception
_c
Meere, J.J
942
_2
udc
_c
BK
999
_c
48938
_d
48938